00241nam a22001097a 4500020001800000082001400018100002000032245002500052260003300077300000800110650001300118 a0-88344-744-4 a266.2 BOS aBosch, David J. aTransforming Mission aNew York bOrbis Booksc1992 a587 aMissions